000 00552nam a2200229Ia 4500
003 OSt
005 20220516125150.0
008 210210b2004 xxu||||| |||| 00| 0 eng d
040 _aAL
_c
041 _aEnglish
082 _a657.46 RAOB
100 _aRAO (K Sadashiva)
_937325
245 _aBusiness taxation II 2004-2005
250 _a6 Rev.
260 _aUdupi
_bSushrutha Books
_c2004
300 _aQ-65
650 _ataxation
_937326
690 _aIncome Tax
_937327
700 _aGANESH (Y)
_937328
906 _a059516
942 _2ddc
_cBK
999 _c106850
_d106850